Hängeschild der Schneiderzunft
| Titel: | Hängeschild der Schneiderzunft / Uršula Ambrušová |
|---|---|
| Verfasser: | |
| In: |
Faszination Stadt, (2019), Seite 539 alle Artikel anzeigen |
| Veröffentlicht: | 2019 |
| Umfang: | 1 Illustration |
| Format: | Aufsatz |
| Sprache: | Deutsch |
X
alg: 47894824 001A $03025:10-05-21 001B $01999:10-05-21 $t23:25:36.000 001D $03025:10-05-21 001U $0utf8 001X $00 002@ $0Aou 002C $aText $btxt $2rdacontent 002D $aohne Hilfsmittel zu benutzen $bn $2rdamedia 002E $aBand $bnc $2rdacarrier 003@ $0478948247 007A $0478948247 $aHEB 010@ $ager 010E $erda 011@ $a2019 021A $aHängeschild der Schneiderzunft $hUršula Ambrušová 028A $BVerfasser $4aut $7 $8Ambrušová, Uršula [Tnu] $9344635880 031A $h539 $j2019 034M $a1 Illustration 039B $aEnthalten in $8--Aau--. Faszination Stadt. - Dresden : Sandstein Verlag, [2019]. - 807 Seiten. - Illustrationen, Karten. - ISBN 978-3-95498-453-4 $x201900000000000461 $9450579158 044K $#Spiš $#Szepes $#Spisz $74067868-4 $8Zips [Tg1] $9085190942 044K $RKassa $#Kaschau Košice $#Koshice $#Cassovia Košice $71028389-4 $8Košice [Tg1] $9042044669 044K $RZunft $#Schneider Zunft $74564376-3 $8Schneiderzunft [Ts1] $9090724232 045F $a330.09437309031 $eDDC23BSB 045F/01 $a330.09 045F/03 $f09031 045F/03 $g4373 045F/03 $g439 045R $aGeschichte 1553 045R/01 $aGeschichte 1550-1907 lok: 47894824 78 exp: 47894824 78 1 #EPN 201B/01 $010-05-21 $t15:52:16.000 201C/01 $010-05-21 201U/01 $0utf8 203@/01 $01152219863 208@/01 $a10-05-21 $be 209A/01 $a/ $f000 $x00 209A/01 $ab*p $x01 220C/01 $apgar 244Z/01 $#Slowakei $#Slowakei $#Slowakische Republik $#Oberungarn $#Slovensko $#Slovenská Republika $#Slovenská SR $#SSR $#Slovakia $#Slovaquie $#Slovak Republic $#République Slovaque $#Slovenská Socialistická Republika $#Slowakische Sozialistische Republik $#Slovak Socialist Republic $#République Socialiste Slovaque $74055297-4 $8--Tg1--Slowakei $x01 $9085153834 244Z/01 $#Ungarn $#Ungarn $#Ungarische Räterepublik $#Königreich Ungarn $#Die @Länder der ungarischen Krone $#Transleithanien $#Magyarország $#Magyar Köztársaság $#Magyar Tanácsköztársaság $#Government of the Hungarian Republic $#Zemalja Ugarske Krune $#VNR $#Ungern $#Ungarische Republik $#Republik Ungarn $#Ungarische Volksrepublik $#Volksrepublik Ungarn $#Magyar Népköztársaság $#Hungary $#Hungarian Republic $#Hongrie $#Vengerskaja Narodnaja Respublika $#Hungarian People's Republic $#HPR Hungarian People's Republic $#République Populaire Hongroise $#Ungarische VR $#Republic of Hungary $#Vengrija $74078541-5 $8--Tgz--Ungarn $x02 $9085222712 247C/01 $82080>Marburg/Lahn, Herder-Institut, Forschungsbibliothek, Bibliographieportal $9336309341
| LEADER | 00000caa a2200000 c 4500 | ||
|---|---|---|---|
| 001 | 478948247 | ||
| 003 | DE-603 | ||
| 005 | 20210510232536.0 | ||
| 007 | tu | ||
| 008 | 210510s2019 xx |||| | u00||u|ger c | ||
| 035 | |a (DE-599)HEB478948247 | ||
| 040 | |a DE-603 |b ger |c DE-603 |d DE-603 |e rda | ||
| 041 | |a ger | ||
| 082 | 0 | 4 | |8 1\u |a 330.09437309031 |q DE-101 |2 23/BSB |
| 085 | |8 1\u |b 330.09 | ||
| 085 | |8 1\u |z 1 |s 09031 | ||
| 085 | |8 1\u |z 2 |s 4373 | ||
| 085 | |8 1\u |z 2 |s 439 | ||
| 100 | 1 | |a Ambrušová, Uršula |e Verfasser |4 aut |0 (DE-603)344635880 | |
| 245 | 0 | 0 | |a Hängeschild der Schneiderzunft |c Uršula Ambrušová |
| 264 | 0 | |c 2019 | |
| 300 | |b 1 Illustration | ||
| 336 | |a Text |b txt |2 rdacontent | ||
| 337 | |a ohne Hilfsmittel zu benutzen |b n |2 rdamedia | ||
| 338 | |a Band |b nc |2 rdacarrier | ||
| 648 | 7 | |a Geschichte 1553 |2 gnd | |
| 648 | 7 | |a Geschichte 1550-1907 |2 gnd | |
| 650 | 7 | |a Schneiderzunft |0 (DE-588)4564376-3 |0 (DE-603)090724232 |2 gnd | |
| 651 | 7 | |a Zips |0 (DE-588)4067868-4 |0 (DE-603)085190942 |2 gnd | |
| 651 | 7 | |a Košice |0 (DE-588)1028389-4 |0 (DE-603)042044669 |2 gnd | |
| 773 | 0 | 8 | |i Enthalten in |t Faszination Stadt |d Dresden : Sandstein Verlag, [2019] |h 807 Seiten, Illustrationen, Karten |z 9783954984534 |z 3954984539 |g (2019), Seite 539 |w (DE-603)450579158 |
| 924 | 0 | |9 2080 |a (DE-603)1152219863 |b DE-2080 |c HES |d d |g / | |


